000 00620nam a22001337a 4500
040 _cRUA
082 _aAGR BB CHH 2010 B061 OR.1
100 _aCHHIM CHHAVANN
245 _aComparison of rate of senpidor variety in thmorkol district, battambang province, ប្រៀបធៀបកម្រិតពូជស្រូវសែនពិដោរ នៅស្រុកថ្មគោល ខេត្តបាត់ដំបង)
260 _aphnom penh
_bRUA
_c2010
300 _axiii, 56p.
_bill.
_c29cm.
856 _uhttps://drive.google.com/file/d/1GWkErUGhi09wT4qTpCK24tke_pl6X7t1/view?usp=sharing
942 _cAGRBB
999 _c1473
_d1473